České (československé) transformační kontinuity 20. století Problémy struktury ekonomiky, technicko-technologické vyspělosti a podnikatelsko-manažerských elit

Problém nepriaznivej hospodárskej štruktúry krajiny. Konkurencieschopnosť československého priemyslu, jeho technicko-technologická vyspelosť a produktivita práce. Hospodársky manažment, jeho možnosti a skúsenosti.

Gespeichert in:
Bibliographische Detailangaben
1. Verfasser: Kubů, Eduard
Format: Buchkapitel
Sprache:Tschechisch
Schlagworte:
Tags: Tag hinzufügen
Keine Tags, Fügen Sie das erste Tag hinzu!

MARC

LEADER 00000naa$a2200000$$$4500
001 0038206
005 20231114082036.4
041 0 |a cze 
044 |a CZ 
245 1 0 |a České (československé) transformační kontinuity 20. století  |b Problémy struktury ekonomiky, technicko-technologické vyspělosti a podnikatelsko-manažerských elit  |c Eduard Kubů 
520 |a Problém nepriaznivej hospodárskej štruktúry krajiny. Konkurencieschopnosť československého priemyslu, jeho technicko-technologická vyspelosť a produktivita práce. Hospodársky manažment, jeho možnosti a skúsenosti. 
610 2 0 |a riadenie hospodárske 
610 2 0 |a Česko 
610 2 0 |a transformácia 
610 2 0 |a manažment 
610 2 0 |a dejiny 
610 2 0 |a industrializácia 
610 2 0 |a konkurencieschopnosť 
610 2 0 |a priemysel 
610 2 0 |a výkonnosť ekonomiky 
610 2 0 |a náročnosť výroby materiálová 
610 2 0 |a náročnosť výroby surovinová 
610 2 0 |a privatizácia 
100 1 |a Kubů, Eduard